La marca del garbanzo /

Guardado en:
Autor Principal: Devetach, Laura
Otros Autores: Roldán, Laura
Formato: Libro
Publicado: Buenos Aires : Alfaguara, 1991
Materias:
Etiquetas: Agregar Etiqueta
Sin Etiquetas, Sea el primero en etiquetar este registro!
LEADER 00452nam a22001695a 4500
001 CEM.cems010526
005 20060214000000.0
008 130507s1991##################000#0#####d
003 CEMS
100 1 |a Devetach, Laura 
245 1 0 |a La marca del garbanzo / 
260 |a Buenos Aires :  |b Alfaguara,  |c 1991 
300 |a 38 p. 
653 |a Nivel inicial-biblioteca 
700 1 |a Roldán, Laura 
859 |a CEMS  |b BIB. CEMS - 11 de abril  |h JARDIN  |p 21064.00  |t Ej.1